[Event "Principal 2015/2016"]
[Site "Vitrolles"]
[Date "2015.09.26"]
[Round "1"]
[White "Joubert, Leo"]
[Black "Chauvet, Jean-Marc"]
[Result "1/2-1/2"]
[WhiteElo "1867"]
[BlackElo "1939"]
[PlyCount "107"]
[EventDate "2015.??.??"]

1. c4 e5 2. g3 Nf6 3. Bg2 c6 4. d4 exd4 5. Qxd4 Qb6 6. Nf3 Bb4+ 7. Bd2 O-O 8.
O-O Bxd2 9. Nbxd2 d5 10. Qxb6 axb6 11. Nd4 Bd7 12. cxd5 cxd5 13. a3 Nc6 14.
N2f3 Ra4 15. Rfd1 Re8 16. h3 h6 17. Rac1 Nxd4 18. Nxd4 Rxd4 19. Rxd4 Rxe2 20.
Rb4 Bc6 21. Kf1 Re6 22. Rd1 b5 23. Rbd4 Ne4 24. Bxe4 dxe4 25. Ke2 Rf6 26. R1d2
Rf3 27. Rd6 f5 28. Rc2 Rb3 29. Rd4 g5 30. Rb4 Rd3 31. Rc3 Rd6 32. Rc5 f4 33.
gxf4 gxf4 34. Rcxb5 f3+ 35. Ke1 Bxb5 36. Rxb5 Kf7 37. Rb4 Kf6 38. Rxe4 Kf5 39.
Rb4 b6 40. a4 Ke5 41. Rc4 Rd3 42. Rb4 Rd6 43. Rc4 Rd3 44. Rc3 Rd4 45. Rxf3 Rxa4
46. Rb3 Kf4 47. Rxb6 h5 48. Kf1 Ra8 49. Rb5 Kf3 50. Rf5+ Ke4 51. Rxh5 Rb8 52.
b4 Rxb4 53. Rh4+ Kf3 54. Rxb4 1/2-1/2

[Event "Principal 2015/2016"]
[Site "Vitrolles"]
[Date "2015.09.26"]
[Round "1"]
[White "Parroco, Pierre-Jean"]
[Black "Boghossian, Pierre"]
[Result "0-1"]
[WhiteElo "1757"]
[BlackElo "1975"]
[PlyCount "96"]
[EventDate "2015.??.??"]

1. e4 e6 2. d4 d5 3. Nc3 Nf6 4. Bg5 Be7 5. e5 Nfd7 6. Bxe7 Qxe7 7. f4 a6 8. Nf3
c5 9. Bd3 Nc6 10. dxc5 Nxc5 11. O-O b5 12. a3 Bb7 13. f5 Nxd3 14. cxd3 O-O 15.
d4 f6 16. fxe6 Qxe6 17. exf6 Rxf6 18. Qe1 Qd6 19. Qd2 Raf8 20. b4 Bc8 21. Ne5
Be6 22. Nxc6 Qxc6 23. Rxf6 Rxf6 24. Rf1 Rxf1+ 25. Kxf1 Bf7 26. Ne2 Bg6 27. Qc3
Qc4 28. Qxc4 dxc4 29. Nc3 Kf7 30. Kf2 Ke6 31. Ke3 Bd3 32. h4 Kf5 33. g3 Bc2 34.
Nd5 Kg4 35. Kf2 Be4 36. Nc3 Kf5 37. Nd1 Kg6 38. Ke3 Bg2 39. Kf4 Kf6 40. g4 h6
41. g5+ Ke6 42. Nc3 h5 43. a4 a5 44. axb5 axb4 45. Na2 b3 46. Nc3 b2 47. Ke3
Bh3 48. d5+ Kd6 0-1

[Event "Principal 2015/2016"]
[Site "Vitrolles"]
[Date "2015.09.26"]
[Round "1"]
[White "Busson, Benoist"]
[Black "Feraud, Guillaume"]
[Result "1-0"]
[WhiteElo "1977"]
[BlackElo "1858"]
[PlyCount "45"]
[EventDate "2015.??.??"]

1. e4 e5 2. d4 exd4 3. c3 Nf6 4. e5 Nd5 5. Bc4 c6 6. Qf3 dxc3 7. Nxc3 Bb4 8.
Nge2 O-O 9. Bxd5 cxd5 10. O-O d4 11. Nd5 Bc5 12. Qg3 Kh8 13. b4 Bb6 14. Bg5 f6
15. exf6 gxf6 16. Nxf6 Rxf6 17. Qe5 Kg7 18. Nf4 Nc6 19. Bxf6+ Kf7 20. Qh5+ Kxf6
21. Qh6+ Kf5 22. Rfe1 d5 23. Nxd5 1-0

[Event "Principal 2015/2016"]
[Site "Vitrolles"]
[Date "2015.09.26"]
[Round "1"]
[White "Baroyan, Davit"]
[Black "Derige Kane, Yan"]
[Result "0-1"]
[WhiteElo "1960"]
[BlackElo "1959"]
[PlyCount "90"]
[EventDate "2015.??.??"]

1. e4 e5 2. Nf3 Nc6 3. Bb5 a6 4. Ba4 Nf6 5. O-O Be7 6. Re1 b5 7. Bb3 O-O 8. c3
d5 9. exd5 Nxd5 10. Nxe5 Nxe5 11. Rxe5 c6 12. d4 Bd6 13. Re1 Qh4 14. g3 Qh3 15.
Re4 g5 16. Qf1 Qh5 17. Bd1 Qg6 18. Nd2 Bf5 19. f3 Bxe4 20. Nxe4 h6 21. Bc2 f5
22. Nxd6 Qxd6 23. a4 Rae8 24. axb5 axb5 25. Ra6 Re6 26. Kf2 Qe7 27. Bb3 Re8 28.
Bxd5 cxd5 29. Rxe6 Qxe6 30. Bd2 Qa6 31. Qd3 Rf8 32. f4 g4 33. Kg2 Qc6 34. h4 h5
35. Kf2 Kg7 36. Kf1 Kf6 37. Kf2 Re8 38. Be3 Qa6 39. Bc1 Re6 40. Bd2 Qa4 41. Be3
Qb3 42. Bc1 b4 43. Qd2 bxc3 44. Qxc3 Qd1 45. Be3 Qf3+ 0-1

[Event "Principal 2015/2016"]
[Site "Vitrolles"]
[Date "2015.10.10"]
[Round "2"]
[White "Boghossian, Pierre"]
[Black "Anton, Jose"]
[Result "1-0"]
[WhiteElo "1975"]
[BlackElo "1861"]
[PlyCount "65"]

1. e4 c5 2. c3 Nf6 3. e5 Nd5 4. Nf3 e6 5. Bc4 Nb6 6. Bb3 Nc6 7. O-O d6 8. Qe2
dxe5 9. Nxe5 Nxe5 10. Qxe5 Qd3 11. Na3 Bd7 12. Re1 O-O-O 13. Bc2 Qd6 14. Qe2
Bc6 15. Nb5 Qb8 16. d4 a6 17. Na3 cxd4 18. cxd4 Bd6 19. g3 h5 20. Nc4 Nxc4 21.
Qxc4 h4 22. d5 exd5 23. Bf5+ Kc7 24. Qd4 hxg3 25. Be3 gxh2+ 26. Kh1 b6 27. b4
g6 28. Bg4 Qb7 29. Bf4 f5 30. Bf3 Rhe8 31. Rxe8 Rxe8 32. Qg7+ Bd7 33. Rc1+ 1-0

[Event "Principal 2015/2016"]
[Site "Vitrolles"]
[Date "2015.10.10"]
[Round "2"]
[White "Feraud, Guillaume"]
[Black "Parroco, Pierre-Jean"]
[Result "1-0"]
[WhiteElo "1858"]
[BlackElo "1757"]
[PlyCount "35"]

1. d4 d5 2. c4 e6 3. Nc3 Nf6 4. Bg5 Be7 5. Nf3 Nbd7 6. e3 c5 7. cxd5 exd5 8.
dxc5 Nxc5 9. Bb5+ Bd7 10. Bxd7+ Qxd7 11. Bxf6 Bxf6 12. Nxd5 O-O-O 13. Nxf6 Nd3+
14. Kf1 Qb5 15. Qe2 gxf6 16. Rc1+ Kb8 17. Rc3 Rhe8 18. Ne1 1-0

[Event "Principal 2015/2016"]
[Site "Vitrolles"]
[Date "2015.11.07"]
[Round "3"]
[White "Busson, Benoist"]
[Black "Chauvet, Jean-Marc"]
[Result "1/2-1/2"]
[WhiteElo "1965"]
[BlackElo "1949"]
[PlyCount "47"]

1. e4 e6 2. d4 d5 3. e5 b6 4. c3 Qd7 5. Nf3 Ba6 6. Bxa6 Nxa6 7. Qe2 Nb8 8. O-O
Ne7 9. Be3 Nf5 10. g4 Ne7 11. Bg5 h5 12. Bxe7 hxg4 13. Bxf8 gxf3 14. Qxf3 Kxf8
15. Kh1 Nc6 16. Na3 Ne7 17. Nc2 Ng6 18. Rg1 Ke7 19. Ne3 Rh7 20. Qg3 Rah8 21.
Nf1 Ke8 22. Qd3 Qe7 23. Qa6 Kd8 24. Qxa7 1/2-1/2

[Event "Principal 2015/2016"]
[Site "Vitrolles"]
[Date "2015.11.07"]
[Round "3"]
[White "Parroco, Pierre-Jean"]
[Black "Joubert, Leo"]
[Result "1-0"]
[WhiteElo "1757"]
[BlackElo "1892"]
[PlyCount "109"]

1. e4 c5 2. Nc3 Nc6 3. g3 g6 4. Bg2 Bg7 5. d3 e6 6. Be3 d6 7. Qd2 Qa5 8. Nge2
Nd4 9. O-O Ne7 10. a3 Nec6 11. Rfb1 Qd8 12. Bxd4 Nxd4 13. Nxd4 cxd4 14. Ne2 O-O
15. c3 dxc3 16. bxc3 Qa5 17. Rb4 Rb8 18. d4 Bd7 19. Qb2 Qc7 20. Rb1 Bc8 21. a4
e5 22. a5 Bg4 23. f3 Bc8 24. Qa3 Re8 25. d5 Bh6 26. Kh1 Be3 27. Qa2 Bc5 28.
R4b2 h5 29. c4 h4 30. g4 Kg7 31. Nc3 Rh8 32. h3 Bd4 33. Nb5 Qc5 34. Nxd4 Qxd4
35. Rd2 Qc5 36. Rb5 Qc7 37. c5 dxc5 38. d6 Qc6 39. Qb2 f6 40. g5 Bd7 41. gxf6+
Kxf6 42. Rb3 g5 43. f4 gxf4 44. Rd5 Rh5 45. Rf3 b5 46. Rxf4+ Ke6 47. Rf5 Rxf5
48. exf5+ Kf7 49. Qxe5 Re8 50. Qf4 Re1+ 51. Kh2 Re2 52. Qf3 Rb2 53. Qh5+ Kf8
54. Qh8+ Kf7 55. Qxb2 1-0

[Event "Principal 2015/2016"]
[Site "Vitrolles"]
[Date "2015.11.07"]
[Round "3"]
[White "Anton, Jose"]
[Black "Feraud, Guillaume"]
[Result "0-1"]
[WhiteElo "1907"]
[BlackElo "1861"]
[PlyCount "122"]

1. e4 e5 2. d4 exd4 3. Qxd4 Nc6 4. Qe3 Nf6 5. Nc3 Bb4 6. Bd2 Qe7 7. Bd3 d6 8.
O-O-O Be6 9. f4 Bc5 10. Qg3 O-O-O 11. f5 Bd7 12. Bg5 Nb4 13. a3 Nxd3+ 14. Qxd3
Bc6 15. Nd5 Bxd5 16. exd5 Rde8 17. Nf3 Be3+ 18. Bxe3 Qxe3+ 19. Qxe3 Rxe3 20.
Rhe1 Rhe8 21. Rxe3 Rxe3 22. c4 h6 23. Kd2 Rb3 24. Kc2 Re3 25. Kd2 Rb3 26. Rb1
Ne4+ 27. Kc2 Re3 28. Re1 Rxe1 29. Nxe1 Kd7 30. Kd3 Nc5+ 31. Ke3 Ke7 32. g4 Kf6
33. h4 h5 34. Kf4 hxg4 35. Kxg4 Ne4 36. Nf3 Nf2+ 37. Kf4 Nd3+ 38. Ke4 Nxb2 39.
Nd4 a6 40. Nb3 b6 41. Nd2 a5 42. Kf4 Nd3+ 43. Ke4 Ne1 44. Kf4 Ng2+ 45. Kg4 Ne3+
46. Kf4 Nc2 47. a4 Ne1 48. Ne4+ Ke7 49. h5 Nd3+ 50. Kg5 f6+ 51. Kg6 Kf8 52.
Nxf6 Ne5+ 53. Kg5 gxf6+ 54. Kxf6 Nxc4 55. h6 Ne5 56. h7 Nf7 57. Ke6 Ke8 58. Kf6
b5 59. Kg7 bxa4 60. h8=Q+ Nxh8 61. Kxh8 Kf7 0-1

[Event "Principal 2015/2016"]
[Site "Vitrolles"]
[Date "2015.11.07"]
[Round "3"]
[White "Baroyan, Davit"]
[Black "Boghossian, Pierre"]
[Result "1-0"]
[WhiteElo "1949"]
[BlackElo "1977"]
[PlyCount "57"]

1. e4 e6 2. d4 d5 3. Nc3 Nf6 4. e5 Nfd7 5. Nce2 c5 6. c3 Nc6 7. f4 Be7 8. Nf3
O-O 9. g3 b6 10. Bh3 g6 11. f5 exf5 12. Nf4 cxd4 13. cxd4 g5 14. Nh5 g4 15. Bh6
gxh3 16. Qc1 Nb4 17. O-O Ba6 18. Bg7 Be2 19. Qh6 Bxf3 20. Bf6 Bxf6 21. exf6
Qxf6 22. Nxf6+ Nxf6 23. Rxf3 Ne4 24. Rxf5 Nc2 25. Rh5 Rfe8 26. Rf1 f6 27. Qxh7+
Kf8 28. Qc7 Kg8 29. Rh7 1-0

[Event "Principal 2015/2016"]
[Site "Vitrolles"]
[Date "2015.11.21"]
[Round "4"]
[White "Boghossian, Pierre"]
[Black "Derige Kane, Yan"]
[Result "0-1"]
[WhiteElo "1977"]
[BlackElo "1955"]
[PlyCount "69"]

1. e4 e5 2. Nf3 Nc6 3. d4 exd4 4. Nxd4 Bc5 5. Be3 Qf6 6. Nb5 Bxe3 7. fxe3 Qh4+
8. g3 Qd8 9. Qg4 g6 10. Qf4 d6 11. Bc4 Ne5 12. O-O Bh3 13. Bxf7+ Kd7 14. N1c3
g5 15. Qxe5 dxe5 16. Rad1+ Ke7 17. Nd5+ Kf8 18. Nbxc7 Kg7 19. Rf2 Nh6 20. Be6
Rc8 21. Bxh3 Rxc7 22. Rfd2 Rf7 23. Nf4 Qxd2 24. Ne6+ Kf6 25. Rxd2 g4 26. Bf1
Kxe6 27. Bc4+ Ke7 28. Bxf7 Nxf7 29. Rd5 Rc8 30. c3 Ke6 31. Kf2 Ng5 32. Ke2 Nxe4
33. Rd1 Rf8 34. c4 b6 35. b4 0-1

[Event "Principal 2015/2016"]
[Site "Vitrolles"]
[Date "2015.11.21"]
[Round "4"]
[White "Feraud, Guillaume"]
[Black "Baroyan, Davit"]
[Result "0-1"]
[WhiteElo "1861"]
[BlackElo "1949"]
[PlyCount "40"]

1. d4 d5 2. c4 c6 3. Nc3 Nf6 4. f3 dxc4 5. e4 b5 6. a4 a6 7. axb5 cxb5 8. Nxb5
axb5 9. Rxa8 Bb7 10. Ra2 Nc6 11. b3 Nxd4 12. bxc4 e5 13. Ne2 Bb4+ 14. Bd2 Bc5
15. cxb5 O-O 16. Be3 Qb6 17. Bxd4 exd4 18. Nc1 Bb4+ 19. Ke2 Bxe4 20. Nd3 Qe6
0-1

[Event "Principal 2015/2016"]
[Site "Vitrolles"]
[Date "2015.11.21"]
[Round "4"]
[White "Busson, Benoist"]
[Black "Parroco, Pierre-Jean"]
[Result "1-0"]
[WhiteElo "1965"]
[BlackElo "1757"]
[PlyCount "35"]

1. e4 e5 2. f4 exf4 3. Bc4 c6 4. Nc3 d5 5. exd5 cxd5 6. Qe2+ Be7 7. Nxd5 Be6 8.
Nxf4 Bxc4 9. Qxc4 Nf6 10. Nf3 O-O 11. O-O Nc6 12. c3 Rc8 13. Qb5 Rc7 14. d4 Bd6
15. Nh5 Nd5 16. Kh1 Nce7 17. c4 a6 18. Qb3 1-0

[Event "Principal 2015/2016"]
[Site "Vitrolles"]
[Date "2015.12.12"]
[Round "5"]
[White "Anton, Jose"]
[Black "Busson, Benoist"]
[Result "0-1"]
[WhiteElo "1907"]
[BlackElo "1965"]
[PlyCount "76"]

1. e4 e5 2. d4 exd4 3. Qxd4 Nc6 4. Qe3 Nf6 5. Nc3 Bb4 6. Bd2 O-O 7. O-O-O Re8
8. Qg3 Nxe4 9. Nxe4 Rxe4 10. c3 Be7 11. f4 d6 12. Bd3 Bh4 13. Qf3 Re8 14. g4
Ne7 15. Qh3 Ng6 16. Nf3 Bf6 17. Qg3 Bh4 18. Qg2 Bd7 19. g5 Bc6 20. Rhf1 f6 21.
Bxg6 hxg6 22. Qg4 fxg5 23. fxg5 Re4 24. Qh3 Bd7 25. Qg2 Rg4 26. Qe2 Bf5 27.
Nxh4 Rxh4 28. Rf4 Rxf4 29. Bxf4 Qe8 30. Re1 Qa4 31. Bg3 Qxa2 32. Qb5 Qb1+ 33.
Kd2 Qc2+ 34. Ke3 c6 35. Qxb7 Re8+ 36. Kf3 Qd3+ 37. Kf2 Qd2+ 38. Kf1 Bh3+ 0-1

[Event "Principal 2015/2016"]
[Site "Vitrolles"]
[Date "2015.12.12"]
[Round "5"]
[White "Derige Kane, Yan"]
[Black "Feraud, Guillaume"]
[Result "1-0"]
[WhiteElo "1931"]
[BlackElo "1867"]
[PlyCount "55"]

1. d4 Nf6 2. Bg5 e6 3. e4 Be7 4. Nd2 d5 5. e5 Nfd7 6. Bxe7 Qxe7 7. c3 c5 8.
Ngf3 O-O 9. Bd3 Nc6 10. O-O f6 11. Re1 fxe5 12. dxe5 b6 13. h4 g6 14. Qa4 Na5
15. Qg4 Nc6 16. h5 g5 17. Bb5 Nd8 18. Nxg5 Kh8 19. f4 Rg8 20. Qf3 Bb7 21. Bd3
h6 22. Nh3 Nf7 23. Bg6 Raf8 24. Qe3 Qh4 25. Kh2 Kg7 26. Nf3 Qe7 27. f5 exf5 28.
e6 1-0

[Event "Principal 2015/2016"]
[Site "Vitrolles"]
[Date "2015.12.12"]
[Round "5"]
[White "Baroyan, Davit"]
[Black "Joubert, Leo"]
[Result "0-1"]
[WhiteElo "1949"]
[BlackElo "1882"]
[PlyCount "86"]

1. e4 c5 2. Nf3 Nc6 3. d4 cxd4 4. Nxd4 g6 5. c4 Nf6 6. Nc3 Bg7 7. Be3 O-O 8.
Be2 d6 9. O-O Bd7 10. f3 a5 11. a4 Nxd4 12. Bxd4 Bc6 13. Qe1 Nd7 14. Bxg7 Kxg7
15. Qf2 Qb6 16. Qxb6 Nxb6 17. b3 Nd7 18. Bd1 Nc5 19. Bc2 Rfd8 20. Nd5 e5 21.
Nc3 Kf8 22. Rfd1 Ne6 23. Ne2 Ke7 24. Kf2 Rd7 25. Rd2 Rf8 26. g4 Rh8 27. h4 h5
28. g5 Nc5 29. Ke3 Re8 30. Rad1 Ne6 31. f4 Nxf4 32. Nxf4 exf4+ 33. Kxf4 Ke6 34.
Bd3 Ke7 35. Bf1 Kf8 36. Bg2 Rde7 37. Re1 Re6 38. Bf3 f5 39. Rde2 Re5 40. Re3
Kg7 41. exf5 Rxf5+ 42. Kg3 Rxf3+ 43. Rxf3 Rxe1 0-1

[Event "Principal 2015/2016"]
[Site "Vitrolles"]
[Date "2016.01.16"]
[Round "6"]
[White "Chauvet, Jean-Marc"]
[Black "Boghossian, Pierre"]
[Result "1/2-1/2"]
[WhiteElo "1963"]
[BlackElo "1963"]
[PlyCount "47"]

1. e4 e6 2. d4 d5 3. e5 c5 4. c3 Nc6 5. Nf3 Bd7 6. a3 f6 7. exf6 Nxf6 8. Bd3
Bd6 9. O-O O-O 10. b4 cxd4 11. cxd4 Qe8 12. Bb2 Qh5 13. Ne5 Qxd1 14. Rxd1 Bxe5
15. dxe5 Ng4 16. f3 Ngxe5 17. Bf1 a6 18. Nd2 b5 19. Nb3 Rad8 20. Nc5 Bc8 21.
Bxe5 Nxe5 22. Re1 Nc4 23. Nxe6 Bxe6 24. Rxe6 1/2-1/2

[Event "Principal 2015/2016"]
[Site "Vitrolles"]
[Date "2016.01.16"]
[Round "6"]
[White "Joubert, Leo"]
[Black "Derige Kane, Yan"]
[Result "1-0"]
[WhiteElo "1901"]
[BlackElo "1952"]
[PlyCount "65"]

1. c4 e6 2. g3 d5 3. Bg2 Nf6 4. Nf3 Be7 5. O-O Nbd7 6. b3 b6 7. Bb2 Bb7 8. cxd5
exd5 9. Nc3 O-O 10. Rc1 c5 11. d4 Ne4 12. dxc5 Nxc3 13. Bxc3 bxc5 14. Qc2 d4
15. Bb2 Nf6 16. Ng5 Bxg2 17. Kxg2 Qd5+ 18. Nf3 Ne4 19. Kg1 Rac8 20. Qc4 Qb7 21.
Qd3 Rfe8 22. Rc2 g5 23. Nd2 Bd6 24. Nxe4 Rxe4 25. Qf3 Qe7 26. Rfc1 Re8 27. Kf1
g4 28. Qd3 Qf6 29. Ba3 Qh6 30. Kg1 Qe6 31. Bxc5 Bxc5 32. Rxc5 Rxe2 33. Qxd4 1-0

[Event "Principal 2015/2016"]
[Site "Vitrolles"]
[Date "2016.01.16"]
[Round "6"]
[White "Busson, Benoist"]
[Black "Baroyan, Davit"]
[Result "1/2-1/2"]
[WhiteElo "1986"]
[BlackElo "1846"]
[PlyCount "78"]

1. e4 c5 2. b4 cxb4 3. a3 d5 4. exd5 Qxd5 5. Nf3 e5 6. c4 Qe6 7. Bb2 Nc6 8. d4
exd4+ 9. Be2 bxa3 10. Bxa3 Bxa3 11. Nxa3 Nge7 12. Nb5 Qd7 13. O-O O-O 14. Bd3
Ng6 15. Re1 b6 16. Ng5 h6 17. Bxg6 hxg5 18. Be4 Bb7 19. Qh5 g6 20. Qxg5 a6 21.
Bd5 axb5 22. Qxg6+ Kh8 23. Qh6+ Kg8 24. Be4 f5 25. Bd5+ Rf7 26. Rxa8+ Bxa8 27.
Ra1 Na5 28. Bxf7+ Qxf7 29. Qxb6 Qb7 30. Qg6+ Kh8 31. Rxa5 bxc4 32. h4 c3 33.
Rxf5 Qxg2+ 34. Qxg2 Bxg2 35. Rc5 Bf3 36. Kf1 d3 37. Rxc3 d2 38. Rd3 d1=Q+ 39.
Rxd1 Bxd1 1/2-1/2

[Event "Principal 2015/2016"]
[Site "Vitrolles"]
[Date "2016.01.16"]
[Round "6"]
[White "Parroco, Pierre-Jean"]
[Black "Anton, Jose"]
[Result "0-1"]
[WhiteElo "1757"]
[BlackElo "1877"]
[PlyCount "66"]

1. e4 c5 2. Nc3 a6 3. g3 b5 4. Bg2 Bb7 5. d3 e6 6. Nf3 b4 7. Ne2 Nf6 8. e5 Nd5
9. O-O Nc6 10. Nf4 Nce7 11. Ng5 Ng6 12. Nxg6 hxg6 13. Qg4 Be7 14. Ne4 Qc7 15.
c4 bxc3 16. bxc3 Qxe5 17. d4 cxd4 18. Rb1 Bc6 19. c4 Nc3 20. Bf4 Qh5 21. Qxh5
Rxh5 22. Nxc3 Bxg2 23. Kxg2 dxc3 24. Rb3 Ra5 25. Rxc3 Rxa2 26. c5 Rc8 27. Rb1
Ra5 28. Bd6 f5 29. Rcb3 Bxd6 30. cxd6 Rc6 31. Rb8+ Kf7 32. Rd8 Rxd6 33. f4 Rd2+
0-1

[Event "Principal 2015/2016"]
[Site "Vitrolles"]
[Date "2016.03.04"]
[Round "7"]
[White "Derige Kane, Yan"]
[Black "Busson, Benoist"]
[Result "0-1"]
[WhiteElo "1918"]
[BlackElo "1986"]
[PlyCount "56"]

1. d4 d5 2. c4 e5 3. dxe5 d4 4. Nf3 Nc6 5. a3 Bg4 6. Nbd2 Qe7 7. h3 Bh5 8. g4
Bg6 9. Bg2 O-O-O 10. O-O h5 11. g5 f6 12. gxf6 gxf6 13. exf6 Nxf6 14. b4 Ne4
15. Nxe4 Bxe4 16. Bg5 Qg7 17. h4 Be7 18. Bxe7 Bxf3 19. Bg5 Bxg2 20. Kxg2 Ne5
21. Qc2 d3 22. exd3 Rxd3 23. Rae1 Qd7 24. f3 Nxf3 25. Re7 Nxh4+ 26. Kf2 Qf5+
27. Ke2 Re3+ 28. Kxe3 Qxg5+ 0-1

[Event "Principal 2015/2016"]
[Site "Vitrolles"]
[Date "2016.04.03"]
[Round "7"]
[White "Anton, Jose"]
[Black "Chauvet, Jean-Marc"]
[Result "1-0"]
[WhiteElo "1866"]
[BlackElo "1970"]
[PlyCount "63"]

1. e4 e6 2. d4 d5 3. e5 b6 4. c3 Qd7 5. Bd3 Ba6 6. Nf3 Bxd3 7. Qxd3 Ne7 8. O-O
Nf5 9. Bg5 Be7 10. g4 h6 11. Bxe7 Nxe7 12. Nh4 g5 13. Ng2 c5 14. Nd2 Nbc6 15.
a3 c4 16. Qc2 O-O-O 17. b3 cxb3 18. Nxb3 h5 19. Ne3 hxg4 20. Nxg4 Nf5 21. a4
Rh4 22. f3 Qc7 23. Qe2 Rdh8 24. a5 b5 25. Qxb5 f6 26. Qa6+ Kd8 27. Nc5 Ke7 28.
Rab1 Nd8 29. Rb7 Nxb7 30. Qxe6+ Kd8 31. Qxf6+ Kc8 32. Qxf5+ 1-0

[Event "Principal 2015/2016"]
[Site "Vitrolles"]
[Date "2016.03.04"]
[Round "7"]
[White "Boghossian, Pierre"]
[Black "Feraud, Guillaume"]
[Result "1-0"]
[WhiteElo "1956"]
[BlackElo "1875"]
[PlyCount "60"]

1. e4 e5 2. Nf3 Nc6 3. d4 exd4 4. Nxd4 Nge7 5. Nc3 Nxd4 6. Qxd4 Nc6 7. Qe3 Bb4
8. Bd2 d6 9. O-O-O Be6 10. a3 Ba5 11. Qg3 Qf6 12. Nd5 Bxd2+ 13. Rxd2 Bxd5 14.
exd5 Ne7 15. Bb5+ Kf8 16. Re1 g6 17. Re3 Kg7 18. Rc3 a6 19. Bd7 b5 20. Rxc7 b4
21. axb4 a5 22. b5 a4 23. Qc3 a3 24. Qxf6+ Kxf6 25. bxa3 Rxa3 26. Bc6 Rc3 27.
b6 Rb8 28. b7 Rc5 29. Rd7 Nf5 30. g4 Nh4 1-0

[Event "Principal 2015/2016"]
[Site "Vitrolles"]
[Date "2016.03.04"]
[Round "7"]
[White "Baroyan, Davit"]
[Black "Parroco, Pierre-Jean"]
[Result "1-0"]
[WhiteElo "1813"]
[BlackElo "1757"]
[PlyCount "47"]
1. e4 e5 2. Nf3 Nc6 3. Bb5 a6 4. Ba4 Nf6 5. O-O d6 6. d4 b5 7. dxe5 bxa4 8.
exf6 gxf6 9. Qd5 Bb7 10. Nc3 Rb8 11. Qf5 h5 12. Nd5 Bg7 13. Bd2 Bc8 14. Qf4 Bg4
15. Bc3 Ne5 16. Ba5 Rb7 17. Nxe5 fxe5 18. Qg3 Bf6 19. Qc3 Bd7 20. Bxc7 Rxc7 21.
Qxc7 Qxc7 22. Nxc7+ Kf8 23. Rfd1 Be7 24. Nxa6 1-0

[Event "Principal 2015/2016"]
[Site "Vitrolles"]
[Date "2016.03.19"]
[Round "8"]
[White "Anton, Jose"]
[Black "Baroyan, Davit"]
[Result "0-1"]
[WhiteElo "1866"]
[BlackElo "1813"]
[PlyCount "118"]

1. e4 e5 2. d4 exd4 3. Qxd4 Nc6 4. Qe3 g6 5. Nc3 Bg7 6. Bd2 Nf6 7. Bc4 O-O 8.
f4 d5 9. Nxd5 Ng4 10. Qd3 Bd4 11. Nh3 Qh4+ 12. Qg3 Qxg3+ 13. hxg3 Bxb2 14. Rd1
Nd4 15. c3 Nc2+ 16. Ke2 c6 17. Ne7+ Kg7 18. Nxc8 Raxc8 19. Rb1 Na3 20. Rxb2
Nxc4 21. Rxb7 Nd6 22. Rb4 Rfe8 23. Kf3 f5 24. e5 Ne4 25. Rxe4 fxe4+ 26. Kxg4
Rcd8 27. Be3 Rd3 28. Bd4 h5+ 29. Kh4 c5 30. Bxc5 Rxc3 31. Bxa7 Ra8 32. Bd4 Rd3
33. Bc5 Rc8 34. Be7 Rcc3 35. Bf6+ Kh6 36. Rb1 Rxg3 37. Bg5+ Kh7 38. Rb7+ Kg8
39. Rb8+ Kf7 40. Rb7+ Ke8 41. Nf2 Rxg2 42. Rb8+ Kd7 43. e6+ Kxe6 44. Re8+ Kf7
45. Re7+ Kf8 46. Bf6 Rc1 47. Rxe4 Rxf2 48. Kg5 Rg1+ 49. Kh6 Rg4 50. Bg5 h4 51.
Kxg6 h3 52. Kf6 h2 53. Bh6+ Kg8 54. Re8+ Kh7 55. Bg5 Rgxf4+ 56. Bxf4 Rxf4+ 57.
Kg5 Rf1 58. Re7+ Kg8 59. Re8+ Kf7 0-1

[Event "Principal 2015/2016"]
[Site "Vitrolles"]
[Date "2016.03.19"]
[Round "8"]
[White "Joubert, Leo"]
[Black "Boghossian, Pierre"]
[Result "0-1"]
[WhiteElo "1886"]
[BlackElo "1956"]
[PlyCount "23"]

1. c4 e5 2. g3 Nc6 3. Bg2 f5 4. Nc3 Nf6 5. Nf3 Bb4 6. Nd5 d6 7. O-O O-O 8. Nxb4
Nxb4 9. d3 Qe8 10. a3 Nc6 11. e3 Qh5 12. Ne1 0-1

[Event "Principal 2015/2016"]
[Site "Vitrolles"]
[Date "2016.03.19"]
[Round "8"]
[White "Parroco, Pierre-Jean"]
[Black "Derige Kane, Yan"]
[Result "0-1"]
[WhiteElo "1757"]
[BlackElo "1918"]
[PlyCount "64"]

1. e4 Nc6 2. d4 d5 3. e5 Bf5 4. g4 Be4 5. f3 Bg6 6. h4 h6 7. h5 Bh7 8. Bd3 Bxd3
9. Qxd3 e6 10. Ne2 Be7 11. O-O Qd7 12. c3 O-O-O 13. b4 Bf8 14. Nd2 f6 15. f4 f5
16. gxf5 exf5 17. Nb3 b6 18. Rb1 Nb8 19. a4 g6 20. hxg6 Ne7 21. a5 Rg8 22. axb6
axb6 23. Kf2 Nxg6 24. Ng3 Nh4 25. Nd2 Rg4 26. Nf3 Be7 27. Nh2 Rg6 28. Be3 Rdg8
29. Rg1 Qe6 30. Nf3 Rxg3 31. Rxg3 Rxg3 32. Kxg3 Qg6+ 0-1

[Event "Principal 2015/2016"]
[Site "Vitrolles"]
[Date "2016.03.19"]
[Round "8"]
[White "Chauvet, Jean-Marc"]
[Black "Feraud, Guillaume"]
[Result "1/2-1/2"]
[WhiteElo "1970"]
[BlackElo "1875"]
[PlyCount "74"]

1. e4 e5 2. Nf3 Nc6 3. Bb5 a6 4. Ba4 Nf6 5. O-O Be7 6. Re1 b5 7. Bb3 d6 8. a4
Bg4 9. c3 Na5 10. Ba2 O-O 11. h3 Be6 12. d4 Bxa2 13. Rxa2 Nd7 14. Nbd2 exd4 15.
cxd4 Bf6 16. Nf1 Re8 17. b3 c5 18. Ng3 g6 19. Bf4 Nc6 20. dxc5 dxc5 21. axb5
Nd4 22. bxa6 Qb6 23. Nxd4 Bxd4 24. Be3 Ne5 25. Bxd4 cxd4 26. Kh2 Nc6 27. f4
Rxa6 28. Rxa6 Qxa6 29. f5 d3 30. Qd2 Ne5 31. Rf1 Qd6 32. Qh6 Rc8 33. f6 Qf8 34.
Qg5 Qd6 35. Qh6 Qf8 36. Qg5 Qd6 37. Qh6 Qf8 1/2-1/2

[Event "Principal 2015/2016"]
[Site "Vitrolles"]
[Date "2016.04.23"]
[Round "9"]
[White "Feraud, Guillaume"]
[Black "Joubert, Leo"]
[Result "0-1"]
[WhiteElo "1875"]
[BlackElo "1886"]
[PlyCount "77"]

1. d4 Nf6 2. c4 e6 3. Nf3 Bb4+ 4. Bd2 Qe7 5. Qc2 Bxd2+ 6. Nbxd2 d6 7. g3 Nc6 8.
Bg2 O-O 9. O-O e5 10. e3 Bg4 11. h3 Bh5 12. Rfe1 Bg6 13. Qc3 a5 14. b3 Rfe8 15.
a3 Ne4 16. Nxe4 Bxe4 17. dxe5 Nxe5 18. Nxe5 Qxe5 19. Qxe5 Rxe5 20. Bxe4 Rxe4
21. Rac1 b6 22. Red1 f5 23. Kg2 Kf7 24. Rd5 Kf6 25. Rc3 Rae8 26. Rcd3 a4 27.
R5d4 axb3 28. Rxb3 R8e5 29. Kf3 h5 30. Rb4 g5 31. Rb5 g4+ 32. Kg2 Rxd4 33. exd4
Rxb5 34. cxb5 Ke6 35. f3 Kd5 36. hxg4 hxg4 37. Kf2 Kxd4 38. Ke2 d5 39. a4 0-1

[Event "Principal 2015/2016"]
[Site "Vitrolles"]
[Date "2016.04.23"]
[Round "9"]
[White "Derige Kane, Yan"]
[Black "Anton, Jose"]
[Result "1-0"]
[WhiteElo "1918"]
[BlackElo "1866"]
[PlyCount "41"]

1. d4 Nf6 2. Bg5 d5 3. e3 Nbd7 4. Nf3 h6 5. Bh4 g5 6. Bg3 Bg7 7. c4 e6 8. Nc3
c6 9. cxd5 exd5 10. Bd3 O-O 11. O-O Qe7 12. Ne5 Ne4 13. f4 Nxg3 14. hxg3 Nxe5
15. fxe5 f6 16. Qh5 fxe5 17. dxe5 Qxe5 18. Qg6 Rf6 19. Rxf6 Qxf6 20. Qh7+ Kf8
21. Rf1 1-0

[Event "Principal 2015/2016"]
[Site "Vitrolles"]
[Date "2016.04.23"]
[Round "9"]
[White "Boghossian, Pierre"]
[Black "Busson, Benoist"]
[Result "1-0"]
[WhiteElo "1973"]
[BlackElo "1989"]
[PlyCount "39"]

1. Nf3 Nc6 2. e4 f5 3. exf5 d5 4. Bb5 Bxf5 5. Ne5 Qd6 6. d4 Nf6 7. O-O Nd7 8.
Bf4 Ncxe5 9. Bxe5 Qb4 10. Qh5+ Bg6 11. Bxd7+ Kxd7 12. Qh3+ e6 13. Nc3 c6 14. a3
Qe7 15. b4 Qf7 16. b5 Bf5 17. Qg3 Qg6 18. bxc6+ Kxc6 19. Qe3 a6 20. Na4 1-0

[Event "Principal 2015/2016"]
[Site "Vitrolles"]
[Date "2016.04.23"]
[Round "9"]
[White "Baroyan, Davit"]
[Black "Chauvet, Jean-Marc"]
[Result "1/2-1/2"]
[WhiteElo "1813"]
[BlackElo "1970"]
[PlyCount "33"]

1. e4 e6 2. d4 d5 3. e5 c5 4. c3 Qb6 5. Bd3 cxd4 6. cxd4 Bd7 7. Nf3 Nc6 8. Nc3
Nxd4 9. Nxd4 Qxd4 10. O-O Qxe5 11. Re1 Qd6 12. Nb5 Qb6 13. Be3 Qa5 14. Bd2 Qb6
15. Be3 Qa5 16. Bd2 Qb6 17. Be3 1/2-1/2